000
00205nam a22000857a 4500
001
1235981
005
20251001114730.0
245
_a
KÜÇÜCEK
_c
MÜSLİM ÇİÇEK
260
_b
GÜNIŞIĞI KİTAPLIĞI YAYINLARI
999
_c
1235981
_d
1235981